000 00791cam a2200265 4500
001 D11268
008 090401t1972 xxu||||| |||| 00| 0 eng d
035 _a(Sirsi) u63660
041 _aeng
050 _a624.176
100 _aPenman, A.D.M.
245 _aConstructional deformations in a rockfill dam
260 _aGarston, Watford
_bBuilding Research Station
_c1972
300 _a28p. : ill. ; 30cm
350 _a0
490 _aBRS Current Paper
_v19/72
520 _aAdditional copy in RICS Land Surveyors` Information Package 4: Deformation Measurements q.v.
650 _aDEFORMATION MEASUREMENTS
650 _aLLYN BRIANNE DAM
650 _aROCKFILL DAMS
700 _aCharles, J. A.
710 _aBuilding Research Station
_9203
942 _n0
948 _c04/03/1997
999 _c94593
_d94593